[Event "CZE-chT2A 1819"]
[Site "Czech Republic"]
[Date "2019.01.13"]
[Round "6.4"]
[White "Dolansky, Lukas"]
[Black "Stinka, Jakub"]
[Result "0-1"]
[WhiteElo "2099"]
[BlackElo "2086"]
[PlyCount "108"]
[EventDate "2018.10.14"]
[EventType "team-tourn"]
[EventRounds "11"]
[EventCountry "CZE"]
[SourceTitle "EXT 2022"]
[Source "ChessBase"]
[SourceDate "2021.10.06"]
[SourceVersion "1"]
[SourceVersionDate "2021.10.06"]
[SourceQuality "1"]
[WhiteTeam "Tabor"]
[BlackTeam "Pisek"]
[WhiteTeamCountry "CZE"]
[BlackTeamCountry "CZE"]

1. c4 e5 2. Nc3 Nf6 3. g3 Bb4 4. Bg2 0-0 5. Qb3 a5 6. a3 Bxc3 7. bxc3 a4 8. Qc2 Nc6 9. Nf3 d6 10. d4 Re8 11. 0-0 Bg4 12. Rd1 Qc8 13. Be3 Bf5 14. Qa2 Na5 15. Nh4 Be6 16. d5 Bh3 17. Rab1 Bxg2 18. Kxg2 b6 19. Rb4 Nb3 20. Qc2 e4 21. h3 Nd7 22. Bd4 Ne5 23. Bxe5 Rxe5 24. g4 g6 25. Kg3 Nc5 26. Ng2 h5 27. f4 exf3 28. exf3 Qe8 29. Rb2 Qe7 30. Qd2 Kg7 31. Qd4 Qf6 32. Rbb1 Re2 33. Qxf6+ Kxf6 34. gxh5 gxh5 35. Nf4 Rg8+ 36. Kh4 Re3 37. Nxh5+ Kf5 38. Ng3+ Ke5 39. f4+ Kf6 40. Rg1 Rh8+ 41. Nh5+ Kf5 42. Rg5+ Ke4 43. f5 Nd3 44. Rf1 Ne5 45. Rf4+ Kd3 46. Rg7 Kxc3 47. c5 bxc5 48. Rxa4 c4 49. f6 Re4+ 50. Kg5 Nf3+ 51. Kf5 Re5+ 52. Kf4 Rhxh5 53. Kxf3 Rhf5+ 54. Kg2 Rg5+ 0-1

[Event "CZE-chT U18 Extraliga final-A 1718"]
[Site "Czech Republic"]
[Date "2018.04.22"]
[Round "11.3"]
[White "Dolansky, Lukas"]
[Black "Ludvik, Tomas"]
[Result "1-0"]
[WhiteElo "2041"]
[BlackElo "2092"]
[PlyCount "113"]
[EventDate "2017.10.07"]
[EventType "team-tourn"]
[EventRounds "11"]
[EventCountry "CZE"]
[SourceTitle "EXT 2023"]
[Source "ChessBase"]
[SourceDate "2022.10.05"]
[SourceVersion "1"]
[SourceVersionDate "2022.10.05"]
[SourceQuality "1"]
[WhiteTeam "Klatovy (U18)"]
[BlackTeam "Polabiny (U18)"]
[WhiteTeamCountry "CZE"]
[BlackTeamCountry "CZE"]

1. e4 e6 2. d3 d5 3. Nd2 c5 4. Ngf3 Nf6 5. g3 Nc6 6. Bg2 Be7 7. 0-0 Qc7 8. Re1 b6 9. Nf1 h6 10. h4 d4 11. e5 Nd7 12. Qe2 Bb7 13. a3 0-0-0 14. Rb1 Rdg8 15. N1h2 Nf8 16. c3 dxc3 17. bxc3 f5 18. exf6 gxf6 19. d4 Bd6 20. Be3 Nd7 21. dxc5 bxc5 22. Nd2 e5 23. Nc4 Nb6 24. Nxd6+ Qxd6 25. Red1 Qc7 26. Bxc5 Rd8 27. Be3 h5 28. c4 Rxd1+ 29. Rxd1 Rd8 30. Qxh5 Kb8 31. Rxd8+ Qxd8 32. Bxb6 axb6 33. Qf7 Qd6 34. Qe8+ Ka7 35. Nf1 f5 36. Bd5 f4 37. g4 Nd4 38. Qf7 Nc6 39. g5 Nd8 40. Qf6 Qc7 41. g6 Bxd5 42. cxd5 Qd7 43. Qg5 Qxd5 44. g7 Qg8 45. h5 Ne6 46. Qe7+ Ka6 47. h6 e4 48. Nd2 e3 49. fxe3 fxe3 50. Ne4 Qc8 51. Qd6 Qc1+ 52. Kg2 e2 53. g8Q e1N+ 54. Kf2 Qc2+ 55. Qd2 Nd3+ 56. Kg1 Qb1+ 57. Kh2 1-0

[Event "CZE-chT U18 Extraliga final-A 1718"]
[Site "Czech Republic"]
[Date "2018.04.21"]
[Round "9.3"]
[White "Dolansky, Lukas"]
[Black "Hrbek, Stepan"]
[Result "1-0"]
[WhiteElo "2041"]
[BlackElo "1904"]
[PlyCount "127"]
[EventDate "2017.10.07"]
[EventType "team-tourn"]
[EventRounds "11"]
[EventCountry "CZE"]
[SourceTitle "EXT 2023"]
[Source "ChessBase"]
[SourceDate "2022.10.05"]
[SourceVersion "1"]
[SourceVersionDate "2022.10.05"]
[SourceQuality "1"]
[WhiteTeam "Klatovy (U18)"]
[BlackTeam "Frydek Mistek Interchess (U18)"]
[WhiteTeamCountry "CZE"]
[BlackTeamCountry "CZE"]

1. c4 c5 2. Nc3 Nc6 3. g3 g6 4. Bg2 Bg7 5. e3 e5 6. Nge2 Nge7 7. a3 a5 8. 0-0 0-0 9. Rb1 d6 10. d3 Be6 11. Nd5 Rb8 12. Nec3 Kh8 13. Bd2 f5 14. b4 axb4 15. axb4 Nxb4 16. Nxb4 cxb4 17. Rxb4 d5 18. cxd5 Nxd5 19. Nxd5 Bxd5 20. e4 Bc6 21. Bc3 Qd6 22. Qb1 Rbd8 23. Rd1 fxe4 24. Bxe4 Rf7 25. Rc1 Rdf8 26. Rb2 Rd8 27. Qa2 Bd5 28. Qa5 Bxe4 29. dxe4 Re8 30. Qa4 Rc8 31. Rd1 Qc5 32. Be1 Rfc7 33. Rbd2 Qe7 34. Rd5 Bf6 35. Bb4 Qf7 36. Qb5 Bg5 37. Rxe5 Bf6 38. Red5 Qe6 39. e5 Be7 40. Bxe7 Rxe7 41. Qb4 Rce8 42. f4 Qf7 43. Qb2 Re6 44. Rd7 R8e7 45. Qxb7 g5 46. Rxe7 Rxe7 47. Rd8+ Kg7 48. Qd5 Qxd5 49. Rxd5 gxf4 50. gxf4 Kg6 51. Kf2 Kf5 52. Ke3 Ra7 53. Rd4 Ra2 54. Rd2 Ra3+ 55. Kd4 Kxf4 56. Rf2+ Kg5 57. e6 Ra4+ 58. Ke5 Ra5+ 59. Kd6 Ra6+ 60. Ke7 Kg6 61. Rg2+ Kf5 62. Kf7 Ke5 63. e7 Rf6+ 64. Kg7 1-0

[Event "CZE-chT2C 1718"]
[Site "Czech Republic"]
[Date "2017.12.03"]
[Round "4.3"]
[White "Dolansky, Lukas"]
[Black "Postupa, Pavel1111"]
[Result "0-1"]
[WhiteElo "2072"]
[BlackElo "2244"]
[PlyCount "66"]
[EventDate "2017.10.15"]
[EventType "team-tourn"]
[EventRounds "11"]
[EventCountry "CZE"]
[SourceTitle "EXT 2022"]
[Source "ChessBase"]
[SourceDate "2021.10.06"]
[SourceVersion "1"]
[SourceVersionDate "2021.10.06"]
[SourceQuality "1"]
[WhiteTeam "Pisek"]
[BlackTeam "Pankrac II"]
[WhiteTeamCountry "CZE"]
[BlackTeamCountry "CZE"]

1. e4 c5 2. Nf3 d6 3. g3 Nc6 4. Bg2 g6 5. 0-0 Bg7 6. c3 Nf6 7. Re1 0-0 8. d4 cxd4 9. cxd4 Bg4 10. Re2 e5 11. d5 Bxf3 12. Bxf3 Nd4 13. Re1 Rc8 14. Na3 a6 15. Be3 Nxf3+ 16. Qxf3 Nd7 17. Rac1 Qa5 18. Qe2 b5 19. Bd2 Qa4 20. Qf3 Rxc1 21. Rxc1 f5 22. exf5 e4 23. Qb3 Qxb3 24. axb3 Bxb2 25. Rc7 Ne5 26. Bb4 Rxf5 27. Bxd6 Nf3+ 28. Kg2 Rxd5 29. Be7 Rd1 30. Nc2 Rg1+ 31. Kh3 Rh1 32. Kg2 Rc1 33. Bd6 Rxc2 0-1

[Event "Landesliga Sued 1718"]
[Site "Bayern"]
[Date "2017.10.22"]
[Round "1.8"]
[White "Dolansky, Lukas"]
[Black "Kapfer, Ulrich"]
[Result "1-0"]
[WhiteElo "2092"]
[BlackElo "1811"]
[PlyCount "67"]
[EventDate "2017.10.22"]
[EventType "team-tourn"]
[EventRounds "9"]
[EventCountry "GER"]
[SourceTitle "EXT 2022"]
[Source "ChessBase"]
[SourceDate "2021.10.06"]
[SourceVersion "1"]
[SourceVersionDate "2021.10.06"]
[SourceQuality "1"]
[WhiteTeam "Roehrnbach"]
[BlackTeam "Dillingen"]
[WhiteTeamCountry "GER"]
[BlackTeamCountry "GER"]

1. Nf3 Nf6 2. g3 g6 3. Bg2 Bg7 4. 0-0 d5 5. d4 0-0 6. b3 Nbd7 7. Bb2 b6 8. c4 Bb7 9. Nbd2 Rc8 10. Re1 c5 11. cxd5 Nxd5 12. e4 Nb4 13. Nc4 cxd4 14. Bxd4 Bxd4 15. Nxd4 Nc5 16. Re3 Qd7 17. Qd2 Rfd8 18. Rd1 Nc6 19. Nxc6 Bxc6 20. Qxd7 Rxd7 21. Rxd7 Bxd7 22. Bf1 Be6 23. f3 Rd8 24. b4 Na4 25. Ra3 b5 26. Ne5 a6 27. Nc6 Rd7 28. Nb8 Rd1 29. Kf2 Rd2+ 30. Ke3 Rd6 31. Nxa6 Nb2 32. Nc7 Nc4+ 33. Bxc4 Bxc4 34. Ra8+ 1-0

[Event "Olomouc op 20th"]
[Site "Olomouc"]
[Date "2017.08.18"]
[Round "8"]
[White "Dolansky, Lukas"]
[Black "Stigar, Petter"]
[Result "1/2-1/2"]
[WhiteElo "2024"]
[BlackElo "2236"]
[PlyCount "52"]
[EventDate "2017.08.12"]
[EventType "swiss"]
[EventRounds "9"]
[EventCountry "CZE"]
[SourceTitle "CBM 180 Extra"]
[Source "ChessBase"]
[SourceDate "2017.10.06"]
[SourceVersion "1"]
[SourceVersionDate "2017.10.06"]
[SourceQuality "1"]

1. Nf3 d5 2. g3 c6 3. Bg2 Bg4 4. 0-0 Nd7 5. d3 e6 6. h3 Bh5 7. c4 Ngf6 8. b3 Bd6 9. Bb2 0-0 10. Qc2 Re8 11. e4 dxe4 12. dxe4 e5 13. Nh4 Bg6 14. Nxg6 hxg6 15. Rd1 Qc7 16. Nc3 Rad8 17. a3 a5 18. Na4 Nc5 19. b4 Nxa4 20. Qxa4 axb4 21. axb4 Bf8 22. Bc3 Nd7 23. Qc2 Be7 24. Qb2 Bf6 25. Bf1 Nf8 26. b5 cxb5 1/2-1/2

[Event "Klatovy op-A 23rd"]
[Site "Klatovy"]
[Date "2017.07.03"]
[Round "3"]
[White "Skypala, Ondrej"]
[Black "Dolansky, Lukas"]
[Result "0-1"]
[WhiteElo "1685"]
[BlackElo "2065"]
[PlyCount "52"]
[EventDate "2017.07.01"]
[EventType "swiss"]
[EventRounds "9"]
[EventCountry "CZE"]
[SourceTitle "EXT 2018"]
[Source "ChessBase"]
[SourceDate "2017.10.13"]
[SourceVersion "1"]
[SourceVersionDate "2017.10.13"]
[SourceQuality "1"]

1. e4 e5 2. Nf3 Nc6 3. Bb5 Bc5 4. 0-0 Nd4 5. Nxd4 Bxd4 6. c3 Bb6 7. d4 c6 8. Bc4 d6 9. f4 exd4 10. cxd4 Nf6 11. Nc3 0-0 12. Kh1 d5 13. exd5 cxd5 14. Bd3 Re8 15. h3 Bd7 16. g4 Rc8 17. Kh2 Ba5 18. g5 Bxc3 19. gxf6 Bxd4 20. Qh5 g6 21. Qxd5 Bc6 22. Qxd8 Rcxd8 23. Bc4 Bxf6 24. Rb1 b5 25. Bb3 Re2+ 26. Kg1 Bd4+ 0-1

[Event "Klatovy op-A 23rd"]
[Site "Klatovy"]
[Date "2017.07.02"]
[Round "2"]
[White "Dolansky, Lukas"]
[Black "Fox, Pierre"]
[Result "1-0"]
[WhiteElo "2065"]
[BlackElo "1761"]
[PlyCount "55"]
[EventDate "2017.07.01"]
[EventType "swiss"]
[EventRounds "9"]
[EventCountry "CZE"]
[SourceTitle "EXT 2018"]
[Source "ChessBase"]
[SourceDate "2017.10.13"]
[SourceVersion "1"]
[SourceVersionDate "2017.10.13"]
[SourceQuality "1"]

1. Nf3 d5 2. g3 Nf6 3. Bg2 c6 4. 0-0 Bg4 5. d3 Nbd7 6. Nbd2 e5 7. h3 Bh5 8. c4 Bd6 9. a3 a5 10. Re1 0-0 11. Qc2 Rc8 12. Nb3 h6 13. Bd2 b6 14. Nh4 Re8 15. g4 Bg6 16. Nxg6 fxg6 17. g5 Nh5 18. cxd5 Nf4 19. dxc6 Nf8 20. Qc4+ Kh7 21. Bxf4 exf4 22. gxh6 Kxh6 23. Nd2 Ne6 24. d4 Bb8 25. d5 Ng5 26. e3 Qf6 27. b4 f3 28. Qh4# 1-0

[Event "Landesliga Sued 1617"]
[Site "Bayern"]
[Date "2017.02.19"]
[Round "6.8"]
[White "Reimann, Matthias"]
[Black "Dolansky, Lukas"]
[Result "1/2-1/2"]
[WhiteElo "1954"]
[BlackElo "2029"]
[PlyCount "56"]
[EventDate "2016.10.16"]
[EventType "team-tourn"]
[EventRounds "9"]
[EventCountry "GER"]
[SourceTitle "EXT 2019"]
[Source "ChessBase"]
[SourceDate "2018.10.10"]
[SourceVersion "1"]
[SourceVersionDate "2018.10.10"]
[SourceQuality "1"]
[WhiteTeam "Kriegshaber"]
[BlackTeam "Roehrnbach"]
[WhiteTeamCountry "GER"]
[BlackTeamCountry "GER"]

1. c4 e6 2. Nf3 Nf6 3. g3 d5 4. Bg2 Bd6 5. 0-0 0-0 6. d4 c6 7. b3 Nbd7 8. Bb2 Re8 9. Nc3 b6 10. Nd2 Bb7 11. e4 e5 12. exd5 cxd5 13. Nxd5 Nxd5 14. cxd5 Nf6 15. Re1 e4 16. Nxe4 Nxd5 17. Nxd6 Qxd6 18. Qd2 Qd7 19. Rad1 Rac8 20. Re5 f6 21. Ree1 Qf5 22. Rxe8+ Rxe8 23. Re1 Rc8 24. Be4 Qd7 25. Rc1 Re8 26. Bg2 Ba6 27. Re1 Rc8 28. Rc1 Re8 1/2-1/2

[Event "Landesliga Sued 1617"]
[Site "Bayern"]
[Date "2017.02.05"]
[Round "5.8"]
[White "Dolansky, Lukas"]
[Black "Beckers, Thomas"]
[Result "1-0"]
[WhiteElo "2029"]
[BlackElo "1971"]
[PlyCount "79"]
[EventDate "2016.10.16"]
[EventType "team-tourn"]
[EventRounds "9"]
[EventCountry "GER"]
[SourceTitle "EXT 2019"]
[Source "ChessBase"]
[SourceDate "2018.10.10"]
[SourceVersion "1"]
[SourceVersionDate "2018.10.10"]
[SourceQuality "1"]
[WhiteTeam "Roehrnbach"]
[BlackTeam "Muenchen Tarrasch"]
[WhiteTeamCountry "GER"]
[BlackTeamCountry "GER"]

1. Nf3 d5 2. g3 Nf6 3. Bg2 g6 4. 0-0 Bg7 5. d3 0-0 6. Nbd2 Nbd7 7. e4 e5 8. Qe2 Re8 9. h3 a5 10. Rd1 d4 11. Nh2 Nc5 12. Ndf1 Be6 13. f4 Qc8 14. g4 exf4 15. Bxf4 Nfd7 16. Qd2 Ra6 17. Nf3 Nf8 18. Bh6 Qd8 19. Bxg7 Kxg7 20. c3 f5 21. gxf5 gxf5 22. Nxd4 fxe4 23. dxe4 Qh4 24. Ne3 Kh8 25. Nb5 Rc6 26. Qd4+ Kg8 27. Na7 Nxe4 28. Bxe4 Rd6 29. Qa4 Qg3+ 30. Ng2 Bd7 31. Qc2 Rh6 32. Rd3 Qe5 33. Bd5+ Kh8 34. Re1 Qd6 35. Rxe8 Bxe8 36. Qf2 Ng6 37. Bf7 Qe7 38. Bxe8 Ne5 39. Qd4 Rf6 40. Re3 1-0

[Event "CZE-ch U18/U20 sf"]
[Site "Kovarska"]
[Date "2016.11.15"]
[Round "4"]
[White "Ludvik, Tomas"]
[Black "Dolansky, Lukas"]
[Result "0-1"]
[WhiteElo "1955"]
[BlackElo "2079"]
[PlyCount "102"]
[EventDate "2016.11.13"]
[EventType "swiss"]
[EventRounds "9"]
[EventCountry "CZE"]
[SourceTitle "EXT 2022"]
[Source "ChessBase"]
[SourceDate "2021.10.06"]
[SourceVersion "1"]
[SourceVersionDate "2021.10.06"]
[SourceQuality "1"]

1. d4 d5 2. c4 e6 3. Nc3 Nf6 4. Bg5 Be7 5. e3 Nbd7 6. Nf3 0-0 7. cxd5 exd5 8. Bd3 c6 9. 0-0 Re8 10. Qc2 h6 11. Bh4 Ne4 12. Bxe7 Qxe7 13. Rab1 Ndf6 14. b4 a6 15. Na4 b5 16. Nc5 Bg4 17. Bxe4 Nxe4 18. Ne5 Bf5 19. Ncd3 Rec8 20. Rbc1 f6 21. Nf3 Nd6 22. Qe2 Bxd3 23. Qxd3 Nc4 24. a3 a5 25. Nh4 axb4 26. Nf5 Qf8 27. axb4 Ra3 28. Qe2 Rca8 29. Qg4 Kh7 30. Rfe1 Qf7 31. h4 g6 32. Ng3 h5 33. Qf4 Rb3 34. e4 Rxb4 35. e5 f5 36. e6 Qe7 37. Rc3 Rf8 38. Qf3 Qxh4 39. e7 Re8 40. Nxf5 Qg5 41. Ng3 Rxe7 42. Rxe7+ Qxe7 43. Nxh5 Rb1+ 44. Kh2 Qh4+ 45. Qh3 Qxh3+ 46. Rxh3 gxh5 47. Rxh5+ Kg6 48. g4 Nd2 49. f4 Nf3+ 50. Kg3 Nxd4 51. f5+ Nxf5+ 0-1

[Event "EU-ch U14 26th"]
[Site "Prague"]
[Date "2016.08.25"]
[Round "7"]
[White "Henderson de la Fuente, Lance"]
[Black "Dolansky, Lukas"]
[Result "1-0"]
[WhiteElo "2306"]
[BlackElo "2067"]
[PlyCount "67"]
[EventDate "2016.08.18"]
[EventType "swiss"]
[EventRounds "9"]
[EventCountry "CZE"]
[SourceTitle "CBM 174 Extra"]
[Source "ChessBase"]
[SourceDate "2016.10.10"]
[SourceVersion "1"]
[SourceVersionDate "2016.10.10"]
[SourceQuality "1"]

1. e4 e5 2. Nf3 Nc6 3. Bb5 Bc5 4. 0-0 Nd4 5. b4 Bb6 6. Nxd4 Bxd4 7. c3 Bb6 8. d4 c6 9. Ba4 d6 10. b5 Bd7 11. bxc6 Bxc6 12. Bxc6+ bxc6 13. Ba3 Ne7 14. dxe5 dxe5 15. Qa4 Qd3 16. Bxe7 Kxe7 17. Na3 Rhd8 18. Rac1 Qe2 19. Nc4 f6 20. Qb4+ Kf7 21. Nd6+ Kg6 22. Nf5 Rd2 23. Qe7 Rg8 24. Qe6 Bxf2+ 25. Kh1 Rgd8 26. Ne7+ Kh6 27. Nf5+ Kg6 28. Ne7+ Kh6 29. Nxc6 R8d3 30. Nxe5 Bd4 31. Ng4+ Kg6 32. Qe8+ Kg5 33. Rf5+ Kh4 34. Qh5# 1-0